शेष परिचय / (Record no. 117407)

MARC details
000 -LEADER
fixed length control field 01333nam a22002897a 4500
003 - CONTROL NUMBER IDENTIFIER
control field dpl
005 - DATE AND TIME OF LATEST TRANSACTION
control field 20190624175815.0
008 - FIXED-LENGTH DATA ELEMENTS--GENERAL INFORMATION
fixed length control field 190624b ||||| |||| 00| 0 eng d
010 ## - LIBRARY OF CONGRESS CONTROL NUMBER
LC control number B-237668, B-237682
020 ## - INTERNATIONAL STANDARD BOOK NUMBER
Terms of availability 125.00
International Standard Book Number 8189424025
035 ## - SYSTEM CONTROL NUMBER
System control number B-237668
037 ## - SOURCE OF ACQUISITION
Source of stock number/acquisition Cen Lib/Ret
040 ## - CATALOGING SOURCE
Original cataloging agency DPL
Language of cataloging HN
Transcribing agency dpl
082 ## - DEWEY DECIMAL CLASSIFICATION NUMBER
Classification number
Item number चट्टोपा
100 ## - MAIN ENTRY--PERSONAL NAME
Personal name चट्टोपाध्याय, शरतचंद्र
9 (RLIN) 47008
245 ## - TITLE STATEMENT
Title शेष परिचय /
Statement of responsibility, etc शरतचंद्र चट्टोपाध्याय ;संपादक ओमप्रकाश शर्मा
246 ## - VARYING FORM OF TITLE
Title proper/short title Shesh parichya
Remainder of title by Sharatchandra Chattopadhyaya ;sampadak Omprakash Sharma
260 ## - PUBLICATION, DISTRIBUTION, ETC. (IMPRINT)
Place of publication, distribution, etc दिल्ली
Name of publisher, distributor, etc वंदना बुक एजेंसी
Date of publication, distribution, etc 2005
270 ## - ADDRESS
Address ग्राउंड फ्लोर 109, बी ब्लाक प्रीत विहार
City दिल्ली
Postal code 110092
300 ## - PHYSICAL DESCRIPTION
Extent 290पृष्ठ.
Dimensions 20सेमी(सजिल्द)
650 ## - SUBJECT ADDED ENTRY--TOPICAL TERM
Topical term or geographic name as entry element हिंदी साहित्य
9 (RLIN) 71775
650 ## - SUBJECT ADDED ENTRY--TOPICAL TERM
Topical term or geographic name as entry element हिंदी उपन्यास
9 (RLIN) 71776
650 ## - SUBJECT ADDED ENTRY--TOPICAL TERM
Topical term or geographic name as entry element Hindi literature
9 (RLIN) 71777
650 ## - SUBJECT ADDED ENTRY--TOPICAL TERM
Topical term or geographic name as entry element Hindi novel
9 (RLIN) 71778
700 ## - ADDED ENTRY--PERSONAL NAME
Personal name शर्मा, ओमप्रकाश
9 (RLIN) 71779
942 ## - ADDED ENTRY ELEMENTS (KOHA)
Source of classification or shelving scheme Dewey Decimal Classification
Koha item type Hindi Books
Classification part
Call number suffix चट्टोपा
Holdings
Withdrawn status Lost status Damaged status Not for loan Home library Current library Date acquired Source of acquisition Cost, normal purchase price Total Checkouts Full call number Barcode Date last seen Date checked out Copy number Cost, replacement price Price effective from Koha item type Source of classification or shelving scheme Collection code
        Central Library Central Library 27/08/2015 Cen Lib /Ret 125.00 2 उ चट्टोपा B-237668 08/10/2018 25/09/2018 1 125.00 27/08/2015 Hindi Books    
        R.K.Puram-8 R.K.Puram-8 24/06/2019 BPPD/Purchase 125.00 1 उ चट्टोपा B-237682 29/06/2019 24/06/2019 1 125.00 24/06/2019 Hindi Books Dewey Decimal Classification Fiction

© Delhi Public Library
Hit Counter
free hit counter